| 000 | 00457nam a2200169 a 4500 | ||
|---|---|---|---|
| 001 | 5489 | ||
| 003 | CO-ViMGA | ||
| 008 | 141112s2004 ck r 000 u spa d | ||
| 040 |
_aCO-ViMGA _bspa _cCO-ViMGA |
||
| 082 | 0 | 4 | _a611 A517 |
| 245 | 1 | 0 | _aAnatomia |
| 260 |
_aSantafé de Bogotá : _bPanAméricana, _c1996 |
||
| 300 | _a24 p | ||
| 490 | _aSupertest ; ciencias puras y aplicadas, 9 | ||
| 650 | 1 | 4 |
_aANATOMIA - PREGUNTAS Y RESPUESTAS _93777 |
| 942 |
_2ddc _cBK |
||
| 999 |
_c17474 _d17474 |
||